[Event "Oberliga Ost-A 0809"]
[Site "Germany"]
[Date "2008.11.30"]
[Round "3.1"]
[White "Escher, Thomas"]
[Black "Lechtynsky, Jiri"]
[Result "1/2-1/2"]
[WhiteElo "2249"]
[BlackElo "2441"]
[PlyCount "52"]
[EventDate "2008.10.12"]
[EventType "team-tourn"]
[EventRounds "11"]
[EventCountry "GER"]
[SourceTitle "EXT 2010"]
[Source "ChessBase"]
[SourceDate "2010.11.25"]
[SourceVersion "1"]
[SourceVersionDate "2010.11.25"]
[SourceQuality "1"]
[WhiteTeam "Coswig"]
[BlackTeam "Hoyerswerda"]
[WhiteTeamCountry "GER"]
[BlackTeamCountry "GER"]

1. e4 c6 2. d4 d5 3. Nd2 dxe4 4. Nxe4 Bf5 5. Ng3 Bg6 6. h4 h6 7. Nf3 Nd7 8. h5 Bh7 9. Bd3 Bxd3 10. Qxd3 Ngf6 11. Bf4 e6 12. 0-0-0 Be7 13. Kb1 0-0 14. Ne4 Nxe4 15. Qxe4 Nf6 16. Qe2 Qd5 17. Ne5 Qe4 18. Qxe4 Nxe4 19. Nd3 Rfd8 20. f3 Nf6 21. Be5 Nd5 22. Rhe1 Rac8 23. Re4 c5 24. c4 Nb6 25. dxc5 Bxc5 26. b3 a6 1/2-1/2

[Event "Oberliga Ost-A 0708"]
[Site "Germany"]
[Date "2008.04.06"]
[Round "9.2"]
[White "Womacka, Mathias"]
[Black "Escher, Thomas"]
[Result "1/2-1/2"]
[WhiteElo "2467"]
[BlackElo "2240"]
[PlyCount "54"]
[EventDate "2007.09.23"]
[EventType "team-tourn"]
[EventRounds "11"]
[EventCountry "GER"]
[SourceTitle "EXT 2009"]
[Source "ChessBase"]
[SourceDate "2008.11.26"]
[SourceVersion "1"]
[SourceVersionDate "2008.11.26"]
[SourceQuality "1"]
[WhiteTeam "Chemnitz"]
[BlackTeam "Coswig"]
[WhiteTeamCountry "GER"]
[BlackTeamCountry "GER"]

1. e4 e5 2. Nf3 Nf6 3. Nxe5 d6 4. Nf3 Nxe4 5. d4 d5 6. Bd3 Nc6 7. 0-0 Be7 8. c4 Nb4 9. Be2 0-0 10. Nc3 Be6 11. Ne5 f6 12. Bg4 Bxg4 13. Nxg4 Qd7 14. a3 Nxc3 15. bxc3 Nc6 16. cxd5 Qxd5 17. Ne3 Qf7 18. Rb1 Rab8 19. Qa4 a6 20. Bb2 b5 21. Qc2 Na5 22. a4 f5 23. axb5 axb5 24. Ra1 Nc4 25. Nxc4 Qxc4 26. Rfe1 Bd6 27. Qe2 Qxe2 1/2-1/2